Statistics for Whats the airline?

Click here to take the quiz!

General Stats

  • This quiz has been taken 25 times
  • The average score is 13 of 16

Answer Stats

Answer% Correct
easyJet
100%
jetBlue
95%
Lufthansa
95%
Air Canada
90%
RyanAir
90%
Emirates
86%
Air France
81%
British Airways
81%
Qantas
81%
UPS
81%
Delta
76%
Air New Zealand
71%
Southwest
71%
Qatar Air
62%
United
62%
TAP Air Portugal
43%

Score Distribution

Percentile by Number Answered

Percent of People with Each Score

Your Score History

You have not taken this quiz